| 000 | 01018cam a2200313 i 4500 | ||
|---|---|---|---|
| 999 |
_c200451625 _d69837 |
||
| 003 | TR-AnTOB | ||
| 005 | 20240116001140.0 | ||
| 007 | ta | ||
| 008 | 980612t19971997tu 000 0 tur d | ||
| 020 |
_a9756951028 _q(paperback) |
||
| 040 |
_aDLC _beng _erda _cDLC _dTR-AnTOB |
||
| 041 | 0 | _atur | |
| 050 | 0 | 0 |
_aHD1382.5 _b.T863 1997 |
| 090 |
_aHD1382.5 _b.T863 1997 |
||
| 100 | 1 |
_aTuncel, Kürşat _d1970- _eauthor _918002 |
|
| 245 | 1 | 0 |
_aGayrimenkul yatırım ortaklıkları : _bTürkiye uygulaması / _cKürşat Tuncel. |
| 250 | _aİlk baskı, Kasım 1997 | ||
| 264 | 1 |
_aAnkara : _bSermaye Piyasası Kurulu, _c1997. |
|
| 264 | 1 | _c©1997 | |
| 300 |
_axiv, 141 pages ; _c23 cm |
||
| 336 |
_atext _btxt _2rdacontent |
||
| 337 |
_aunmediated _bn _2rdamedia |
||
| 338 |
_avolume _bnc _2rdacarrier |
||
| 490 | 0 |
_aSermaye Piyasası Kurulu Yayını ; _v105 |
|
| 650 | 7 |
_aGayrimenkul yatırımı _zTürkiye _2etuturkob _953521 |
|
| 650 | 0 |
_aSermaye piyasası _zTürkiye _917859 |
|
| 942 |
_2lcc _cBK |
||